| 000 | 00823nam a22002297a 4500 | ||
|---|---|---|---|
| 999 |
_c65059 _d65059 |
||
| 005 | 20240530110805.0 | ||
| 008 | 190225s2018 ua h g 000 0 ara d | ||
| 017 |
_a2018/10412 _bمصر. دار الكتب |
||
| 040 |
_aEG-CaGPL _cEG-CaGPL |
||
| 082 | 0 | 4 |
_221 _a808.8012/ _bم و |
| 100 | 0 | _aمصطفى محرم | |
| 245 | 1 | 2 |
_aالواقعية فى الفلسفة والادب والفن / _cمصطفى محرم |
| 250 | _aط.1 | ||
| 260 |
_aالقاهرة : _bوزارة الثقافة : الهيئة العامة لقصور الثقافة ، _c2018. |
||
| 300 |
_a308 ص. ؛ _c19 سم. |
||
| 650 | 0 | 7 |
_2qrmak _aالواقعية فى الادب |
| 650 | 0 | 7 |
_2qrmak _aالواقعية فى الفن |
| 650 | 0 | 7 |
_2qrmak _aالواقعية |
| 651 | _2qrmak | ||
| 942 |
_2ddc _cBK |
||